| 000 | 00642nam a22002297a 4500 | ||
|---|---|---|---|
| 003 | OSt | ||
| 005 | 20210709080010.0 | ||
| 008 | 210709s2013 ||||| |||| 00| 0 eng d | ||
| 020 | _a9781304290786 | ||
| 040 |
_aeng _beng _cDLC |
||
| 041 | _aeng | ||
| 080 |
_a37 _bW-26 |
||
| 100 |
_91433 _aWard, Steven _dauthor |
||
| 245 |
_aTeaching Good Learner Repertoires _c/ by: Whole Child Consulting LLC |
||
| 260 |
_aMiddletown, USA _bWhole Child Consulting LLC _c2013 |
||
| 300 | _a508 p. | ||
| 365 | _b59.95 usd | ||
| 650 | 0 |
_9318 _aEducation |
|
| 653 | _aგანათლება | ||
| 700 |
_91434 _aGrimes, Teresa _eauthor |
||
| 942 |
_2udc _cBK |
||
| 999 |
_c2250 _d2250 |
||